000 00436cam a2200157 4500
005 20250901165806.0
008 711110s1971 nyu 000 0 eng
010 _a 74162336
050 0 0 _aPR 9379.9 .A33 1995
082 0 0 _a822
100 1 _aAidoo, Ama Ata,
_d1942-
245 1 4 _aThe dilemma of a ghost.
_cWith an introd. by Karen C. Chapman.
260 _aNew York,
_bCollier Books
_c[1971]
300 _a93 p.
_c18 cm.
942 _2lcc
999 _c9289
_d9289